[Event "WCC cand"]
[Site "Cazorla"]
[Date "1998.05.25"]
[Round "2"]
[White "Shirov, Alexei"]
[Black "Kramnik, Vladimir"]
[Result "1/2-1/2"]
[WhiteElo "2710"]
[BlackElo "2790"]
[PlyCount "46"]
[EventDate "1998.05.24"]
[Source "ChessBase"]
[SourceDate "1998.08.06"]

1. e4 e5 2. Nf3 Nf6 3. d4 Nxe4 4. Bd3 d5 5. Nxe5 Nd7 6. Nxd7 Bxd7 7. O-O Bd6 8. Nc3 Nxc3 9. bxc3 O-O 10. Qh5 f5 11. Rb1 b6 12. Re1 c6 13. Bg5 Qc7 14. c4 Be8 15. Qh3 dxc4 16. Bxc4+ Bf7 17. Be6 Bxe6 18. Rxe6 Rae8 19. Qb3 Rxe6 20. Qxe6+ Rf7 21. Qe8+ Rf8 22. Qe6+ Rf7 23. Qe8+ Rf8 1/2-1/2

[Event "Cazorla (m/4) 72/300"]
[Site "?"]
[Date "1998.??.??"]
[Round "?"]
[White "Shirov, Alexei"]
[Black "Kramnik, Vladimir"]
[Result "1-0"]
[WhiteElo "2710"]
[BlackElo "2790"]
[PlyCount "125"]
[EventDate "1998.??.??"]
[Source "ChessBase"]
[SourceDate "1998.02.01"]

1. e4 e5 2. Nf3 Nf6 3. d4 Nxe4 4. Bd3 d5 5. Nxe5 Nd7 6. Nxd7 Bxd7 7. O-O Bd6 8. c4 c6 9. cxd5 cxd5 10. Qh5 O-O 11. Qxd5 Bc6 12. Qh5 g6 13. Qh3 Ng5 14. Bxg5 Qxg5 15. Nc3 Rfe8 16. d5 Bxd5 17. f4 Qd8 18. Nxd5 Bc5+ 19. Kh1 Qxd5 20. Rac1 Be3 21. Bc4 Qf5 22. Qxf5 gxf5 23. Rcd1 Rad8 24. g3 Bd4 25. b3 Bf6 26. Bb5 Rxd1 27. Rxd1 Rd8 28. Rc1 Rd5 29. a4 Bd8 30. Rc8 Kg7 31. Rb8 Bb6 32. Rxb7 Rd1+ 33. Kg2 Rd2+ 34. Kh3 Bg1 35. g4 Bxh2 36. gxf5 h5 37. Kh4 Bxf4 38. Kxh5 Kf6 39. Bc4 Kxf5 40. Rxf7+ Ke4 41. Rxa7 Be5 42. Bf1 Rf2 43. Bh3 Rf8 44. Be6 Rf1 45. Rd7 Rh1+ 46. Kg6 Rg1+ 47. Kf7 Rg7+ 48. Ke8 Rxd7 49. Kxd7 Bc3 50. Kc6 Ke5 51. Bg8 Be1 52. Kb6 Bf2+ 53. Ka6 Kd6 54. a5 Kc7 55. b4 Kc6 56. b5+ Kc5 57. b6 Kb4 58. b7 Bg3 59. Kb6 Bf2+ 60. Kc6 Ba7 61. a6 Ka5 62. Bc4 Bb8 63. Bf1 1-0

[Event "Leon Man+Comp m"]
[Site "Leon"]
[Date "1999.06.12"]
[Round "4"]
[White "Anand, Viswanathan"]
[Black "Karpov, Anatoly"]
[Result "1/2-1/2"]
[WhiteElo "2781"]
[BlackElo "2710"]
[PlyCount "114"]
[EventDate "1999.06.??"]
[Source "ChessBase"]
[SourceDate "1999.10.01"]

1. e4 e5 2. Nf3 Nf6 3. d4 Nxe4 4. Bd3 d5 5. Nxe5 Nd7 6. Nxd7 Bxd7 7. O-O Bd6 8. c4 c6 9. cxd5 cxd5 10. Qh5 O-O 11. Qxd5 Bc6 12. Qh5 g6 13. Qh3 Ng5 14. Qg4 Ne6 15. Bh6 Re8 16. Nc3 Bf4 17. Bxf4 Qxd4 18. Be4 f5 19. Qg3 Nxf4 20. Bxc6 bxc6 21. Qf3 Nd5 22. Rad1 Qg4 23. Nxd5 Qxf3 24. gxf3 cxd5 25. Rxd5 Rad8 26. Rfd1 Rxd5 27. Rxd5 Re7 28. b4 Kg7 29. Ra5 Kh6 30. b5 Rb7 31. Kg2 Kg5 32. Kg3 Kh5 33. a4 Kg5 34. Ra6 Rd7 35. f4+ Kh6 36. f3 Kh5 37. Re6 h6 38. Ra6 g5 39. Rf6 Rd4 40. fxg5 hxg5 41. Rxf5 Rxa4 42. h4 Rxh4 43. f4 Rh1 44. Rxg5+ Kh6 45. Kg4 Rb1 46. Rc5 Kg6 47. f5+ Kf6 48. Rc6+ Kf7 49. Kg5 Rg1+ 50. Kf4 Rb1 51. Rc5 Kf6 52. Ke4 Rb4+ 53. Kd5 Kxf5 54. Kc6+ Ke6 55. Rc1 Ra4 56. Re1+ Kf7 57. Kb7 Ra5 1/2-1/2

[Event "Horgen"]
[Site "?"]
[Date "1995.??.??"]
[Round "?"]
[White "Kasparov, Garry"]
[Black "Yusupov, A."]
[Result "1/2-1/2"]
[WhiteElo "2795"]
[BlackElo "2680"]
[PlyCount "40"]
[EventDate "1995.??.??"]
[Source "ChessBase"]
[SourceDate "1995.10.01"]

1. e4 e5 2. Nf3 Nf6 3. d4 Nxe4 4. Bd3 d5 5. Nxe5 Bd6 6. O-O O-O 7. c4 Nc6 8. Nxc6 bxc6 9. c5 Be7 10. f3 Ng5 11. Nc3 Re8 12. Qa4 Bd7 13. Bd2 Rb8 14. Rab1 Bf6 15. Kh1 h5 16. Ne2 h4 17. h3 Qc8 18. Ba6 Qd8 19. Bd3 Qc8 20. Ba6 Qd8 1/2-1/2

[Event "Investbanka"]
[Site "Belgrade"]
[Date "1997.11.13"]
[Round "3"]
[White "Shirov, Alexei"]
[Black "Kramnik, Vladimir"]
[Result "1/2-1/2"]
[WhiteElo "2700"]
[BlackElo "2770"]
[PlyCount "65"]
[EventDate "1997.11.11"]
[Source "ChessBase"]
[SourceDate "1998.01.31"]

1. e4 e5 2. Nf3 Nf6 3. d4 Nxe4 4. Bd3 d5 5. Nxe5 Nd7 6. Nxd7 Bxd7 7. O-O Bd6 8. Nc3 Nxc3 9. bxc3 O-O 10. Qh5 f5 11. Rb1 b6 12. Qf3 c6 13. Bf4 Qc7 14. Bxd6 Qxd6 15. Rfe1 Rae8 16. Rxe8 Rxe8 17. c4 Qa3 18. h4 Qxa2 19. Rf1 dxc4 20. Bxf5 Bxf5 21. Qxf5 c3 22. Qd3 Qd5 23. Qxc3 Re4 24. Qg3 Rxd4 25. Qb8+ Qd8 26. Qxa7 h6 27. Qa2+ Kh8 28. g3 b5 29. Qe6 Qd5 30. Qxd5 Rxd5 31. Ra1 Rc5 32. Ra2 Kh7 33. Kf1 1/2-1/2

[Event "Horgen"]
[Site "?"]
[Date "1995.??.??"]
[Round "?"]
[White "Ivanchuk, V."]
[Black "Yusupov, A."]
[Result "1-0"]
[WhiteElo "2740"]
[BlackElo "2680"]
[PlyCount "123"]
[EventDate "1995.??.??"]
[Source "ChessBase"]
[SourceDate "1995.10.01"]

1. e4 e5 2. Nf3 Nf6 3. d4 Nxe4 4. Bd3 d5 5. Nxe5 Bd6 6. O-O O-O 7. c4 Nc6 8. Nxc6 bxc6 9. c5 Be7 10. Nc3 Bf6 11. Qc2 Bxd4 12. Nxe4 dxe4 13. Bxe4 Qh4 14. g3 Qf6 15. Be3 Bxe3 16. fxe3 Qh6 17. Rf4 g5 18. Rf2 Bh3 19. Bf5 Rae8 20. Qc3 Qh5 21. Bxh3 Qxh3 22. Qf6 h6 23. Qxc6 Re7 24. Raf1 Qe6 25. Qxe6 Rxe6 26. Rf6 Rxe3 27. Rxh6 Re2 28. Rf2 Rxf2 29. Kxf2 f6 30. g4 Kg7 31. Rh3 f5 32. Ra3 fxg4+ 33. Kg3 Rf5 34. b4 Rf4 35. b5 Rb4 36. Rxa7 Rxb5 37. Rxc7+ Kf6 38. c6 Ra5 39. Rc8 Ra3+ 40. Kxg4 Ra4+ 41. Kf3 Ra3+ 42. Ke4 Ke7 43. Rh8 Kd6 44. Rh6+ Kc7 45. Kf5 Ra5+ 46. Kg4 Rxa2 47. Kxg5 Ra5+ 48. Kf4 Ra4+ 49. Ke5 Ra5+ 50. Kd4 Ra4+ 51. Kc5 Ra5+ 52. Kc4 Rg5 53. h4 Re5 54. h5 Rg5 55. Kd4 Kb6 56. Ke4 Rc5 57. Kf4 Kc7 58. Rh7+ Kxc6 59. h6 Rh5 60. Rh8 Rh1 61. Kg5 Rh3 62. Rd8 1-0

[Event "3"]
[Site "3 Linares"]
[Date "1993.??.??"]
[Round "?"]
[White "Anand, Viswanathan"]
[Black "Ivanchuk, Vassily"]
[Result "1-0"]
[WhiteElo "2710"]
[BlackElo "2710"]
[PlyCount "20"]
[EventDate "1993.??.??"]
[Source "www.chesslib.no"]
[SourceDate "2004.05.04"]

1. e4 e5 2. Nf3 Nf6 3. d4 Nxe4 4. Bd3 d5 5. Nxe5 Nd7 6. Nxd7 Bxd7 7. c4 c5 8. Nc3 Bb5 9. Be3 a6 10. Qg4 Qb6 1-0

[Event "ch-RUS Superfinal"]
[Site "Moscow RUS"]
[Date "2005.12.26"]
[Round "7"]
[White "Rublevsky, S."]
[Black "Kramnik, V."]
[Result "1/2-1/2"]
[WhiteElo "2652"]
[BlackElo "2739"]
[PlyCount "53"]
[EventDate "2005.??.??"]
[Source "www.chesslib.no"]
[SourceDate "2004.05.04"]

1. e4 e5 2. Nf3 Nf6 3. d4 Nxe4 4. Bd3 d5 5. Nxe5 Nd7 6. Nxd7 Bxd7 7. O-O Bd6 8. c4 c6 9. cxd5 cxd5 10. Nc3 Nxc3 11. bxc3 O-O 12. Qh5 g6 13. Qxd5 Qc7 14. Qf3 Qxc3 15. Bh6 Rfe8 16. Qf6 Bf8 17. Bxf8 Rxf8 18. Be4 Bc6 19. Rac1 Qb4 20. Bxc6 bxc6 21. Rxc6 Rad8 22. Rd1 Qa4 23. Rd2 Qb4 24. Rd1 Qa4 25. Rcc1 Qxa2 26. Ra1 Qb3 27. Rdb1 1/2-1/2

[Event "RUS"]
[Site "?"]
[Date "2006.04.27"]
[Round "8"]
[White "Asrian Karen"]
[Black "Ivanchuk Vassily"]
[Result "1/2-1/2"]
[WhiteElo "2646"]
[BlackElo "2731"]
[PlyCount "29"]
[EventDate "2006.??.??"]
[Source "www.chesslib.no"]
[SourceDate "2004.05.04"]

1. e4 e5 2. Nf3 Nf6 3. d4 Nxe4 4. Bd3 d5 5. Nxe5 Nd7 6. Nxd7 Bxd7 7. O-O Bd6 8. Nc3 Qh4 9. g3 Nxc3 10. bxc3 Qh3 11. Re1+ Be6 12. Bf1 Qf5 13. Bd3 Qh3 14. Bf1 Qf5 15. Bd3 1/2-1/2

[Event "Wijk aan Zee 71/314"]
[Site "?"]
[Date "1998.??.??"]
[Round "?"]
[White "Shirov, Alexei"]
[Black "Timman, Jan H"]
[Result "1-0"]
[WhiteElo "2710"]
[BlackElo "2635"]
[PlyCount "103"]
[EventDate "1998.??.??"]
[Source "ChessBase"]
[SourceDate "1997.10.01"]

1. e4 e5 2. Nf3 Nf6 3. d4 Nxe4 4. Bd3 Nc6 5. Nxe5 Nxe5 6. Bxe4 d5 7. dxe5 dxe4 8. Qxd8+ Kxd8 9. Nc3 Bb4 10. Bg5+ Ke8 11. O-O-O Bg4 12. Rd4 Bxc3 13. bxc3 h6 14. Rxe4 Bh3 15. gxh3 hxg5 16. Rg1 Rxh3 17. Rxg5 Kf8 18. Reg4 Re8 19. Rxg7 Rxe5 20. Rg8+ Ke7 21. Rc4 c5 22. Rb8 Rf3 23. Rxb7+ Kd6 24. Ra4 Rxf2 25. Ra6+ Kd5 26. Rd7+ Ke4 27. Ra4+ Ke3 28. Rd3+ Ke2 29. Rd2+ Kf1 30. Rxf2+ Kxf2 31. Rf4+ Ke3 32. Rxf7 a5 33. Ra7 Ke4 34. Rxa5 Kd5 35. Ra4 Re3 36. Rh4 Rxc3 37. Kb2 Rf3 38. Rh8 Rf7 39. a4 Rf4 40. a5 Rb4+ 41. Kc1 Ra4 42. Rh5+ Kc6 43. a6 Kb6 44. Rh6+ Ka7 45. Kb2 Rf4 46. Kb3 Rb4+ 47. Kc3 Rf4 48. h4 Rg4 49. h5 Rh4 50. Kb2 Rh3 51. c4 Rh2+ 52. Ka3 1-0

[Event "Olimpiadi 2008 - open"]
[Site "Dresda GER"]
[Date "2008.11.19"]
[Round "6"]
[White "Berg, E."]
[Black "Gelfand, B."]
[Result "1/2-1/2"]
[WhiteElo "2623"]
[BlackElo "2719"]
[PlyCount "60"]
[EventDate "2008.11.13"]
[Source "www.chesslib.no"]
[SourceDate "2004.05.04"]

1. e4 e5 2. Nf3 Nf6 3. d4 Nxe4 4. Bd3 d5 5. Nxe5 Nd7 6. Nxd7 Bxd7 7. O-O Bd6 8. c4 c6 9. cxd5 cxd5 10. Nc3 Nxc3 11. bxc3 O-O 12. Qh5 g6 13. Qxd5 Qc7 14. Qf3 Qxc3 15. Bh6 Rfd8 16. Qf6 Bf8 17. Bxf8 Rxf8 18. Be4 Bc6 19. Rac1 Qb4 20. Bxc6 bxc6 21. Rxc6 Rad8 22. Rc7 Qxd4 23. Qxd4 Rxd4 24. Rxa7 Rd2 25. h4 Rc8 26. h5 gxh5 27. Ra5 Rc6 28. Rg5+ Rg6 29. Rxh5 Rxa2 30. Rb1 Kg7 1/2-1/2

[Event "World Cup"]
[Site "Khanty-Mansiysk RUS"]
[Date "2007.11.27"]
[Round "2.1"]
[White "Almasi, Z."]
[Black "Socko, B."]
[Result "1-0"]
[WhiteElo "2691"]
[BlackElo "2646"]
[PlyCount "129"]
[EventDate "2007.11.24"]
[Source "www.chesslib.no"]
[SourceDate "2004.05.04"]

1. e4 e5 2. Nf3 Nf6 3. d4 Nxe4 4. dxe5 d5 5. Nbd2 Nxd2 6. Qxd2 c5 7. c4 d4 8. Bd3 Nc6 9. O-O Be7 10. Qf4 Be6 11. Qg3 Qc7 12. Ng5 Bxg5 13. Bxg5 h6 14. Bd2 g5 15. Rfe1 O-O-O 16. a3 Qd7 17. b4 Bf5 18. b5 Ne7 19. a4 Bxd3 20. Qxd3 Kb8 21. e6 fxe6 22. Re5 Rhf8 23. Rae1 Rf6 24. Rxc5 Ng6 25. a5 Qd6 26. Bb4 Qf4 27. Qg3 d3 28. Bc3 Rf5 29. Rxf5 exf5 30. Bd2 Qxg3 31. fxg3 Kc7 32. a6 b6 33. Kf2 Kd7 34. Re3 Rc8 35. Rxd3+ Ke6 36. Bb4 Rxc4 37. Rd6+ Ke5 38. Ba3 Rc2+ 39. Kf1 Nf8 40. Rd1 Ne6 41. Bd6+ Ke4 42. Bb8 Nd4 43. Rb1 f4 44. gxf4 gxf4 45. Bxa7 f3 46. gxf3+ Nxf3 47. Rb4+ Kd3 48. Bb8 Ra2 49. Bc7 Nd2+ 50. Kg2 Nc4+ 51. Kh3 Kc3 52. Rb1 Na3 53. Be5+ Kc4 54. Ra1 Rxa1 55. Bxa1 Nxb5 56. Bg7 Kb4 57. Bxh6 Ka5 58. Kg4 Kxa6 59. h4 Nd6 60. Bf4 Nf7 61. Kf5 b5 62. Kf6 Nd8 63. h5 b4 64. h6 b3 65. Bc1 1-0

[Event "Bad Homburg 73/350"]
[Site "?"]
[Date "1998.??.??"]
[Round "?"]
[White "Svidler, Peter"]
[Black "Jussupow, Artur"]
[Result "1/2-1/2"]
[WhiteElo "2690"]
[BlackElo "2640"]
[PlyCount "46"]
[EventDate "1998.??.??"]
[Source "ChessBase"]
[SourceDate "1998.06.01"]

1. e4 e5 2. Nf3 Nf6 3. d4 Nxe4 4. Bd3 d5 5. Nxe5 Nd7 6. Nxd7 Bxd7 7. O-O Bd6 8. c4 c6 9. cxd5 cxd5 10. Qh5 O-O 11. Qxd5 Bc6 12. Qh5 g6 13. Qh3 Bb4 14. Be3 Re8 15. a3 Ba5 16. Rc1 Rc8 17. Qh6 Bb6 18. Nc3 Nxf2 19. Bxf2 Bxd4 20. Rd1 Bxf2+ 21. Kxf2 Qb6+ 22. Kf1 Qxb2 23. Qd2 Qxc3 1/2-1/2

[Event "XXIV ECC"]
[Site "Kallithea GRE"]
[Date "2008.10.20"]
[Round "4"]
[White "Nisipeanu, LD."]
[Black "Sakaev, K."]
[Result "1/2-1/2"]
[WhiteElo "2684"]
[BlackElo "2640"]
[PlyCount "53"]
[EventDate "2008.10.17"]
[Source "www.chesslib.no"]
[SourceDate "2004.05.04"]

1. e4 e5 2. Nf3 Nf6 3. d4 Nxe4 4. Bd3 d5 5. dxe5 Nc5 6. Nc3 c6 7. Nd4 g6 8. O-O Bg7 9. f4 O-O 10. Be2 Ne6 11. Nb3 f6 12. exf6 Qxf6 13. Be3 Nd7 14. Bd3 d4 15. Ne4 Qe7 16. Bd2 Nc7 17. Re1 Nd5 18. Ng5 Ne3 19. Bxe3 dxe3 20. Qf3 Nb6 21. Rxe3 Qd6 22. Rf1 Bxb2 23. c3 Nd5 24. Bc4 b5 25. Bxd5+ Qxd5 26. Qf2 Ba3 27. Qh4 1/2-1/2

[Event "Srbija i Crna Gora"]
[Site "?"]
[Date "2004.??.??"]
[Round "?"]
[White "Rublevsky, S."]
[Black "Iordachescu, V."]
[Result "1/2-1/2"]
[WhiteElo "2685"]
[BlackElo "2630"]
[PlyCount "39"]
[EventDate "2004.??.??"]
[Source "Chess Informant"]
[SourceDate "2004.06.01"]

1. e4 e5 2. Nf3 Nf6 3. d4 Nxe4 4. Bd3 Nc6 5. dxe5 d5 6. exd6 Nxd6 7. Nc3 Be7 8. Bf4 Be6 9. Qe2 Bf6 10. O-O O-O 11. Ne4 Nxe4 12. Bxe4 Nd4 13. Nxd4 Qxd4 14. c3 Qc4 15. Qxc4 Bxc4 16. Rfd1 c6 17. Rd7 Rfe8 18. f3 Re7 19. Rad1 Be6 20. Rd8+ 1/2-1/2

[Event "Debrecen"]
[Site "Debrecen"]
[Date "1992.??.??"]
[Round "5"]
[White "Ivanchuk, Vassily"]
[Black "Rozentalis, Eduardas"]
[Result "1-0"]
[WhiteElo "2720"]
[BlackElo "2590"]
[PlyCount "35"]
[EventDate "1992.??.??"]
[Source "www.chesslib.no"]
[SourceDate "2004.05.04"]

1. e4 e5 2. Nf3 Nf6 3. d4 Nxe4 4. Bd3 d5 5. Nxe5 Nd7 6. Nxd7 Bxd7 7. O-O Qh4 8. c4 O-O-O 9. c5 g6 10. Nc3 Bg7 11. g3 Qh3 12. Nxd5 Bg4 13. Ne7+ Kb8 14. Nc6+ Kc8 15. f3 Rxd4 16. Be3 Rxd3 17. Qxd3 Nxg3 18. Bf4 1-0

[Event "Madrid"]
[Site "?"]
[Date "1997.??.??"]
[Round "?"]
[White "Illescas Cordoba, M."]
[Black "Beliavsky, A."]
[Result "1/2-1/2"]
[WhiteElo "2635"]
[BlackElo "2665"]
[PlyCount "43"]
[EventDate "1997.??.??"]
[Source "ChessBase"]
[SourceDate "1997.02.01"]

1. e4 e5 2. Nf3 Nf6 3. d4 Nxe4 4. Bd3 d5 5. Nxe5 Nd7 6. Nxd7 Bxd7 7. O-O Be7 8. Nc3 Nf6 9. Bg5 c6 10. Qf3 O-O 11. Rae1 h6 12. Bf4 Be6 13. h3 Bd6 14. Re3 Ne8 15. Ne2 Qd7 16. Ng3 Bxf4 17. Qxf4 Qd6 18. Nh5 Qxf4 19. Nxf4 Nc7 20. Rfe1 Rfe8 21. Kf1 Bd7 22. h4 1/2-1/2

[Event "Kazan 71/315"]
[Site "?"]
[Date "1997.??.??"]
[Round "?"]
[White "Svidler, Peter"]
[Black "Jussupow, Artur"]
[Result "1-0"]
[WhiteElo "2660"]
[BlackElo "2640"]
[PlyCount "83"]
[EventDate "1997.??.??"]
[Source "ChessBase"]
[SourceDate "1997.10.01"]

1. e4 e5 2. Nf3 Nf6 3. d4 Nxe4 4. Bd3 d5 5. Nxe5 Nd7 6. Nxd7 Bxd7 7. O-O Be7 8. c4 Nf6 9. Nc3 Be6 10. c5 O-O 11. Bf4 c6 12. h3 Re8 13. Re1 Nd7 14. Qd2 Bf6 15. Bc2 Nf8 16. Re2 b6 17. Rae1 bxc5 18. dxc5 Bd7 19. Rxe8 Bxe8 20. b4 Ne6 21. Bd6 g6 22. f4 Bd7 23. Ne2 Bg7 24. f5 gxf5 25. Bxf5 Qh4 26. Rf1 Re8 27. Kh1 Bc8 28. b5 Bb7 29. Bxe6 Rxe6 30. Nf4 Re8 31. Qa5 Qd8 32. Qxa7 Qd7 33. bxc6 Qxc6 34. Rb1 Ba8 35. Rb6 Qc8 36. Rb8 Qc6 37. Nxd5 Kh8 38. Qc7 Qa4 39. Rxe8+ Qxe8 40. Ne7 Be4 41. c6 h6 42. Qb8 1-0

[Event "Elista (ol) 73/347"]
[Site "?"]
[Date "1998.??.??"]
[Round "?"]
[White "Ivanchuk, Vassily"]
[Black "Kasimdzhanov, Rustam"]
[Result "1/2-1/2"]
[WhiteElo "2730"]
[BlackElo "2570"]
[PlyCount "110"]
[EventDate "1998.??.??"]
[Source "ChessBase"]
[SourceDate "1998.06.01"]

1. e4 e5 2. Nf3 Nf6 3. d4 Nxe4 4. dxe5 d5 5. Nbd2 Nc5 6. Nb3 Nxb3 7. axb3 Be7 8. Bd3 Nd7 9. c3 Nc5 10. Bc2 Bg4 11. b4 Ne6 12. Qd3 Qd7 13. O-O g6 14. Bh6 Bf5 15. Qe2 Bxc2 16. Qxc2 Bf8 17. Qd2 Bxh6 18. Qxh6 a6 19. Rfd1 Rd8 20. h4 Qe7 21. Nh2 Qf8 22. Qe3 Qe7 23. Qa7 c6 24. Ng4 h5 25. Nf6+ Kf8 26. Qb6 Kg7 27. Rd2 Nf8 28. Rad1 Rb8 29. Qd4 Ne6 30. Qe3 Rbd8 31. f4 Kf8 32. Qf2 Ng7 33. c4 Qxb4 34. cxd5 cxd5 35. Nxd5 Qc4 36. Qb6 Ne6 37. Qxb7 Kg7 38. Kh2 Rxd5 39. Qxd5 Qxf4+ 40. g3 Qb4 41. Qf3 Rf8 42. Rf2 Qb5 43. Qf6+ Kg8 44. Rd6 Qc4 45. Rxe6 Qxe6 46. Qxe6 fxe6 47. Rxf8+ Kxf8 48. Kg2 a5 49. Kf3 Kf7 50. Ke4 g5 51. Kd4 Kg6 52. Kc5 gxh4 53. gxh4 Kf5 54. Kb5 Kxe5 55. Kxa5 Kd4 1/2-1/2

[Event "Moscow-4teams"]
[Site "Moscow"]
[Date "1981.??.??"]
[Round "?"]
[White "Romanishin, Oleg M"]
[Black "Karpov, Anatoly"]
[Result "1/2-1/2"]
[WhiteElo "2595"]
[BlackElo "2690"]
[PlyCount "86"]
[EventDate "1981.06.??"]
[Source "ChessBase"]

1. e4 e5 2. Nf3 Nf6 3. d4 Nxe4 4. Bd3 d5 5. dxe5 Nc6 6. O-O Be7 7. Nbd2 Nc5 8. Be2 O-O 9. Nb3 Nxb3 10. axb3 f6 11. exf6 Bxf6 12. Ra4 Ne7 13. c3 Bd7 14. Rf4 c6 15. Bd3 Ng6 16. Ra4 c5 17. Ra1 Bg4 18. Bxg6 hxg6 19. h3 Bf5 20. Be3 b6 21. Qd2 Rf7 22. Bg5 Be4 23. Bxf6 gxf6 24. Nh2 Bf5 25. Ra4 d4 26. cxd4 Qd5 27. Rd1 Rd8 28. Nf1 Qxb3 29. Ra3 Qb4 30. Qxb4 cxb4 31. Raa1 Bc2 32. Rd2 Bb3 33. Ne3 a5 34. Rd3 a4 35. d5 f5 36. Rd4 f4 37. Ng4 Kg7 38. Rxb4 Rxd5 39. Rxb6 Rd2 40. Ne5 Rf5 41. Nf3 Rxb2 42. Rxa4 Bxa4 43. Rxb2 g5 1/2-1/2

[Event "Groningen"]
[Site "?"]
[Date "1996.??.??"]
[Round "?"]
[White "Short, N."]
[Black "Timman, J."]
[Result "1-0"]
[WhiteElo "2695"]
[BlackElo "2590"]
[PlyCount "87"]
[EventDate "1996.??.??"]
[Source "ChessBase"]
[SourceDate "1996.10.01"]

1. e4 e5 2. Nf3 Nf6 3. d4 Nxe4 4. Bd3 Nc6 5. d5 Nc5 6. dxc6 e4 7. cxb7 Bxb7 8. Be2 exf3 9. Bxf3 Bxf3 10. Qxf3 Be7 11. O-O O-O 12. Rd1 Bf6 13. c4 Be5 14. Nd2 Re8 15. Rb1 a5 16. Nf1 Qf6 17. Qxf6 Bxf6 18. Ne3 Rab8 19. b3 a4 20. b4 Ne4 21. Nd5 Bd4 22. Kf1 Bxf2 23. Nxc7 Rec8 24. Rxd7 Nc3 25. Rb2 Bh4 26. Bf4 Bf6 27. b5 h5 28. h3 Rb7 29. Rbd2 Ne4 30. R2d5 Nc3 31. Rxh5 Nxa2 32. c5 Nb4 33. c6 Nxc6 34. bxc6 Rb1+ 35. Ke2 a3 36. Ra5 Rb2+ 37. Kf3 a2 38. Nd5 Rxc6 39. Nxf6+ Rxf6 40. Rd6 Rf5 41. Ra8+ Kh7 42. h4 Rc5 43. g3 f5 44. Rd2 1-0